ARRUPE JESUIT UNIVERSITY

CORONAVIRUS -STOP THE SPREAD - CLEAN,DISINFECT,COVER

2 Peter, Jude (Record no. 18874)

MARC details
000 -LEADER
fixed length control field 00655nam a2200241Ia 4500
003 - CONTROL NUMBER IDENTIFIER
control field 0100
005 - DATE AND TIME OF LATEST TRANSACTION
control field 20161214083909.0
008 - FIXED-LENGTH DATA ELEMENTS--GENERAL INFORMATION
fixed length control field 130303s9999 xx 000 0 und d
020 ## - INTERNATIONAL STANDARD BOOK NUMBER
International Standard Book Number 0385413629
040 ## - CATALOGING SOURCE
Transcribing agency ARRUPELIB
050 ## - LIBRARY OF CONGRESS CALL NUMBER
Classification number REF. BS192.2.A11964.G3 1993
300 ## - PHYSICAL DESCRIPTION
Other physical details 287p. 25cm.
100 ## - MAIN ENTRY--PERSONAL NAME
Personal name Neyrey, Jerome H
9 (RLIN) 28023
245 ## - TITLE STATEMENT
Title 2 Peter, Jude
250 ## - EDITION STATEMENT
Edition statement 1st ed.
260 ## - PUBLICATION, DISTRIBUTION, ETC. (IMPRINT)
Place of publication, distribution, etc New york
260 ## - PUBLICATION, DISTRIBUTION, ETC. (IMPRINT)
Name of publisher, distributor, etc Doubleday & Co.
300 ## - PHYSICAL DESCRIPTION
Extent ix
440 ## - SERIES STATEMENT/ADDED ENTRY--TITLE
Title The anchor bible series ; v. 37c
9 (RLIN) 28024
650 ## - SUBJECT ADDED ENTRY--TOPICAL TERM
Topical term or geographic name as entry element Bible. N.T.
General subdivision Peter, 2nd-Commentaries
9 (RLIN) 28025
650 ## - SUBJECT ADDED ENTRY--TOPICAL TERM
Topical term following geographic name as entry element Bible. N.T. Jude
General subdivision Commentaries
9 (RLIN) 28026
942 ## - ADDED ENTRY ELEMENTS (KOHA)
Source of classification or shelving scheme Library of Congress Classification
Koha item type Monograph ( Printed materials)
Holdings
Withdrawn status Lost status Source of classification or shelving scheme Damaged status Not for loan Collection code Home library Current library Shelving location Date acquired Total Checkouts Full call number Barcode Date last seen Copy number Price effective from Koha item type
    Library of Congress Classification     Main Collection ARRUPE LIBRARY ARRUPE LIBRARY Main Collection 04/03/2013   BS2793.N994 46500021142 04/03/2013 1 04/03/2013 Monograph ( Printed materials)

 

Arrupe Library. PO Box MP320 Mt Pleasant, Harare, Zimbabwe
263 242 745411|librarian@aju.ac.zw